แสดงรายละเอียดบรรณานุกรม
  กลับหน้าหลัก

Brief Record : Get Marc (ISO 2709) : E-mail record : QR code ปิดหน้าต่าง
E-books : เกี่ยวกับ Collections
LEADER 00000nama 2200000uu 4500
001    179654
003     ULIBM
008    040531s2539 th m m a000 0 tha d
020    974-695-084-3
041    tha
050    HB74.C6 ด499ศ 2539
100    ดำรงศักดิ์ ชัยสนิท
245    เศรษฐศาสตร์ผู้บริโภคพร้อมแบบฝึกหัด/เรียบเรียงโดยดำรงศักดิ์ชัยสนิทและสุนีเลิศแสวงกิจ
260    กรุงเทพฯ วังอักษร 2539
300    153 หน้า
650    ผู้บริโภค เศรษฐศาสตร์สุนี เลิศแสวงกิจชื่อเรื่อง
998    1998-12-01
999    ^aใช้งานได้ทุกระบบ
รายการนี้ยังไม่มีแท็ก
คุณยังไม่ได้ล็อกอิน คุณสามารถมีกิจกรรมร่วมกับเว็บไซต์ได้ แต่ต้องล็อกอินก่อน ::
  ล็อกอิน
ลำดับที่ ประเภท เลขเรียก สถานที่ สถานะ
1. หนังสือทั่วไป
หนังสือทั่วไป
HB74.C6 ด499ศ 2539  
  
หนังสือทั่วไป On Shelf
  ขอยืม
2. หนังสือทั่วไป
หนังสือทั่วไป
HB74.C6 ด499ศ 2539  
  
หนังสือทั่วไป On Shelf
  ขอยืม
   [แสดง 2/2 รายการ]

รายการใกล้เคียง
    ผู้แต่ง [ดำรงศักดิ์ ชัยสนิท]

BibComment


ยังไม่เคยถูกคอมเมนท์

คอมเมนท์ทรัพยากรรายการนี้
  คอมเมนท์: เศรษฐศาสตร์ผู้บริ..
Bib 179654

 
 
 

 Union Library Management : ULibM
Copyright 2026. All Rights Reserved.
скачать бесплатно без регистрации порно красивый секс HD Sex Hindi sex

xxx gou

xxxx

bfxxx

xxxwww

Секса Видео

xxxx

Секса Видео

detube

geilexxx

C99 Shell

worms shell

blod xxx video
Ebony Coed Rihanna Rimes Takes A Dick In Her Young Twat priyaa indian fuck anal and pusssy hardcore indian women xxx desi hardcore fucking part 1 bengalixxxcouple